Aitihasik paripreksama Nepalko mithilaka karnakayasthako samajik sanskritik paramparako adhayan. (Record no. 68240)
[ view plain ]
| 000 -LEADER | |
|---|---|
| fixed length control field | 00503 a2200169 4500 |
| 041 ## - LANGUAGE CODE | |
| Language code of text/sound track or separate title | Eng |
| 082 ## - DEWEY DECIMAL CLASSIFICATION NUMBER | |
| Classification number | N305.8 |
| Item number | M686e |
| -- | D |
| 100 ## - MAIN ENTRY--PERSONAL NAME | |
| Personal name | Mallik, Shailendra Narayan |
| 245 ## - TITLE STATEMENT | |
| Title | Aitihasik paripreksama Nepalko mithilaka karnakayasthako samajik sanskritik paramparako adhayan. |
| 260 ## - PUBLICATION, DISTRIBUTION, ETC. | |
| Place of publication, distribution, etc. | Kathmandu: |
| Date of publication, distribution, etc. | 2069BS |
| 300 ## - PHYSICAL DESCRIPTION | |
| Extent | 305p. |
| 502 ## - DISSERTATION NOTE | |
| Dissertation note | Ph.D.in History |
| Degree type | TU |
| 504 ## - BIBLIOGRAPHY, ETC. NOTE | |
| Bibliography, etc. note | Bibliography:p.281-285 |
| 650 ## - SUBJECT ADDED ENTRY--TOPICAL TERM | |
| Topical term or geographic name entry element | History |
| -- | Culture |
| -- | Social conditions |
| 653 ## - INDEX TERM--UNCONTROLLED | |
| Uncontrolled term | Ethnic groups |
| 942 ## - ADDED ENTRY ELEMENTS (KOHA) | |
| Source of classification or shelving scheme | Dewey Decimal Classification |
| Koha item type | Theses and Dissertations |
| Withdrawn status | Lost status | Source of classification or shelving scheme | Damaged status | Not for loan | Home library | Current library | Date acquired | Total Checkouts | Full call number | Barcode | Date last seen | Price effective from | Koha item type |
|---|---|---|---|---|---|---|---|---|---|---|---|---|---|
| Dewey Decimal Classification | Tribhuvan University Central Library | Tribhuvan University Central Library | 12/18/2013 | N305.8 M686e | D13622 | 12/18/2013 | 12/18/2013 | Theses and Dissertations |
